Spectroscopic methods in organic chemistry (Record no. 76703)

MARC details
000 -LEADER
fixed length control field 01050nam a2200229 a 4500
008 - FIXED-LENGTH DATA ELEMENTS--GENERAL INFORMATION
fixed length control field 120416s1995 ||||||||||||||||| || u
020 ## - INTERNATIONAL STANDARD BOOK NUMBER
International Standard Book Number 0077091477
050 ## - LIBRARY OF CONGRESS CALL NUMBER
Classification number QD 272.S6 Wil
100 ## - MAIN ENTRY--PERSONAL NAME
Personal name Williams, Dudley H
245 10 - TITLE STATEMENT
Title Spectroscopic methods in organic chemistry
250 ## - EDITION STATEMENT
Edition statement 5th ed
260 ## - PUBLICATION, DISTRIBUTION, ETC.
Place of publication, distribution, etc. London
Name of publisher, distributor, etc. McGraw-Hill
Date of publication, distribution, etc. 1995
300 ## - PHYSICAL DESCRIPTION
Extent xiii, 329p. : ill
350 ## -
-- 0.00
500 ## - GENERAL NOTE
General note Bibliography
650 #0 - SUBJECT ADDED ENTRY--TOPICAL TERM
Topical term or geographic name entry element CHEMISTRY--HANDBOOKS, MANUALS, ETC
650 #0 - SUBJECT ADDED ENTRY--TOPICAL TERM
Topical term or geographic name entry element CHEMISTRY, ORGANIC
650 #0 - SUBJECT ADDED ENTRY--TOPICAL TERM
Topical term or geographic name entry element SPECTRUM ANALYSIS
995 ## -
-- MAIN LIBRARY OPEN ACCESS
-- 0.00
-- 727590
-- CBU-MAIN LIBRARY (Kitwe)
-- 2
-- 19.00
-- QD 272.S6 Wil
-- 2
-- AVAILABLE
-- Mar 13, 2007
-- 025415
-- Main Library Open Access Collection
995 ## -
-- MAIN LIBRARY OPEN ACCESS
-- 0.00
-- 727298
-- CBU-MAIN LIBRARY (Kitwe)
-- 1
-- 19.00
-- QD 272.S6 Wil
-- 1
-- AVAILABLE
-- 018043
-- Main Library Open Access Collection
995 ## -
-- ANNEX COLLECTION (Main Library)
-- 0.00
-- 727589
-- CBU-MAIN LIBRARY (Kitwe)
-- 3
-- 19.00
-- QD 272.S6 Wil
-- 3
-- AVAILABLE
-- Mar 13, 2007
-- 025414
-- Annex Low-Usage Collection
999 ## -
-- 76703
-- 76703
Holdings
Withdrawn status Lost status Source of classification or shelving scheme Damaged status Not for loan Permanent Location Current Location Shelving location Date acquired Total Checkouts Full call number Barcode Date last seen Copy number Price effective from Koha item type
          CBU-MAIN LIBRARY, KITWE. CBU-MAIN LIBRARY, KITWE.   04/25/2023   QD 272.S6 Wil 025415 04/25/2023 1 04/25/2023 MONOGRAPH
          CBU-MAIN LIBRARY, KITWE. CBU-MAIN LIBRARY, KITWE.   04/25/2023   QD 272.S6 Wil 018043 04/25/2023 2 04/25/2023 MONOGRAPH
          CBU-MAIN LIBRARY, KITWE. CBU-MAIN LIBRARY, KITWE.   04/25/2023   QD 272.S6 Wil 025414 04/25/2023 3 04/25/2023 MONOGRAPH